000
00333cam a2200133ua 4500
041
_a
eng
_h
100
_a
Gupta, M.C .
245
_a
Statistical thermodynamics /
_c
M.C Gupta.
_h
Textual Documents
260
_a
New Delhi :
_b
New Age International Ltd ,
_c
1998.
300
_a
; .
504
_a
942
_c
BK
999
_c
12984
_d
12984